Who Was President During.... - Statistics

General Stats
  • This quiz has been taken 615 times
  • The average score is 8 of 10
Answer Stats
Who was president during.. President % Correct
The Civil war Abraham Lincoln
98%
The Iraq war George W. Bush
96%
The fall of Isis Donald Trump
92%
The first moon landing Richard Nixon
92%
Black Tuesday (start of the great depression) Herbert Hoover
88%
The start of the us highway system Dwight D. Eisenhower
79%
The war of 1812 James Madison
79%
The barbary wars Thomas Jefferson
77%
The panic of 1873 Ulysses S. Grant
74%
The era of good feelings James Monroe
68%
No matching quizzes found
Score Distribution
Percent of People with Each Score
Percentile by Number Answered
Your Score History
You have not taken this quiz